000 00263nam a2200097Ia 4500
001 887429
005 20250826182835.0
008 250824s9999 xx 000 0 und d
245 0 _aMUHTEŞEM SÜLEYMEN VE HUREM SULTAN
_cYAVUZ BAHADIROĞLU
260 _bPANAMA YAYINLARI
999 _c887429
_d887429